00680nam a2200241 a 4500001001300000003000900013005001700022008004100039020000900080082001600089100001700105245002300122260003900145300000900184500003500193505003100228650001800259700001700277902000800294942000700302952011400309999001500423nice12345678IN_TiNIC20260116011746.0050524s1978 deoa grp 000 0 urd  ac4000a297.09bIBN aIbn, Khaldun aTarikh Ibn Khaldun aDeobandbIdara Dars-E-Qur`anc1978 a600p aincludes index and biblioraphy2 athree parts bound together aIslam-History1 aIbn, Khaldun bSRS cBK 001040708StackRoom-aHMIbHMId2007-07-25g40.00l0o297.09 IBNp09549r2007-07-25v40.00w2005-05-24yBK c3750d3750